[Event "RUS-Cup3"]
[Site "Omsk"]
[Date "1996.??.??"]
[Round "5"]
[White "Mukhametov, Eldar"]
[Black "Makarov, Marat"]
[Result "1/2-1/2"]
[WhiteElo "2485"]
[BlackElo "2560"]

1.e4 c5 2.c3 Nf6 3.e5 Nd5 4.Nf3 Nc6 5.d4 cxd4 6.cxd4 d6 7.Bc4 Nb6 8.Bb3 dxe5
9.d5 Na5 10.Nc3 Nxb3 11.Qxb3 e6 12.Nxe5 exd5 13.Be3 Bd6 14.Qb5+ Kf8 15.Rd1 Be6
16.Nf3 Qe8 17.O-O Qxb5 18.Nxb5 Be7 19.b3 h6 20.Rfe1 Bb4 21.Re2 Rd8 22.Nxa7 Nc8
23.Rc2 Nxa7 24.Bxa7 Ra8 25.Bd4 Kg8 26.a4 Kh7 27.Rc7 Rhb8 28.Be5 Ba5 29.Re7 Bd8
30.Rxe6 fxe6 31.Bxb8 Rxb8 32.Nd4 e5 33.Ne6 Rc8 34.Nxd8 Rxd8 35.Rc1 Rd7 36.Kf1 Kg6
37.Ke2 Kf6 38.f3 Ke6 39.Kd3 Kd6 40.Rc8 Rf7 41.h4  1/2-1/2

[Event "RUS-chT"]
[Site "Orel"]
[Date "1996.??.??"]
[Round "?"]
[White "Shovunov, Baatr"]
[Black "Doroshkievich, Vladimir K"]
[Result "1-0"]
[WhiteElo "2300"]
[BlackElo "2380"]

1.e4 c5 2.c3 Nf6 3.e5 Nd5 4.Bc4 Nb6 5.Bb3 Nc6 6.Nf3 c4 7.Bc2 g6 8.Qe2 d5
9.exd6 Qxd6 10.h3 Bg7 11.Na3 Qe6 12.d4 cxd3 13.Bxd3 Qxe2+ 14.Bxe2 Be6 15.O-O O-O
16.Ng5 Bd5 17.Rd1 h6 18.Be3 Rfd8 19.Nf3 Na4 20.Rd2 Be6 21.Nb5 Rxd2 22.Bxd2 Rd8
23.b3 Nc5 24.Be3 Ne4 25.Rc1 a6 26.Nbd4 Bd7 27.Nxc6 Bxc6 28.c4 Nc3 29.Rc2 Be4
30.Rb2 Nxe2+ 31.Rxe2 Rd1+ 32.Kh2 f5 33.Rd2 Ra1 34.Bd4 Bxd4 35.Nxd4 Kf7 36.f3 Bc6  1-0

[Event "ESP-chTB"]
[Site "Oropesa del Mar"]
[Date "1996.??.??"]
[Round "4"]
[White "Iglesias, Fco"]
[Black "Tattersall, Lester"]
[Result "0-1"]
[WhiteElo "2025"]
[BlackElo "2260"]

1.e4 c5 2.c3 Nf6 3.e5 Nd5 4.d4 cxd4 5.Nf3 d6 6.Qxd4 e6 7.Nbd2 Nc6 8.Bb5 Bd7
9.Bxc6 Bxc6 10.Nc4 dxe5 11.Ncxe5 Qc7 12.Nxc6 Qxc6 13.O-O Qc5 14.Qe4 Rc8 15.Bg5 h6
16.Bh4 Bd6 17.Nd4 O-O 18.Nxe6 fxe6 19.Qxe6+ Kh8 20.Rad1 Rcd8 21.Bxd8 Rxd8
22.Rxd5 Qxd5 23.Qxd5 Bxh2+ 24.Kxh2 Rxd5 25.Kg3 Rd3+ 26.f3 Kg8 27.Rf2 g5 28.Rc2 Kf7
29.Kf2 Ke6 30.Ke2 Rd6 31.g4 Ra6 32.b3 Kd5 33.Kd3 Rf6 34.Rf2 b5 35.Ke3 Re6+
36.Kd2 Rf6 37.Kd3 a5  0-1

[Event "ESP-chTB"]
[Site "Oropesa del Mar"]
[Date "1996.??.??"]
[Round "7"]
[White "Alvarez Ibarra, D Rafael"]
[Black "Comas Fabrego, Luis"]
[Result "1/2-1/2"]
[WhiteElo "2435"]
[BlackElo "2470"]

1.e4 c5 2.c3 Nf6 3.e5 Nd5 4.d4 cxd4 5.Nf3 Nc6 6.Bc4 Nb6 7.Bb3 d5 8.exd6 Qxd6
9.Nxd4 Nxd4 10.cxd4 Be6 11.O-O Bxb3 12.Qxb3 e6 13.Nc3 Be7 14.d5 Nxd5 15.Rd1 O-O
16.Nxd5 exd5 17.Rxd5 Qe6 18.Be3 b6 19.Rad1 Rfd8 20.Rxd8+ Rxd8 21.Rxd8+ Bxd8  1/2-1/2

[Event "Pamplona op"]
[Site "Pamplona"]
[Date "1996.??.??"]
[Round "?"]
[White "Mellado Trivino, Juan"]
[Black "Strikovic, Aleksa"]
[Result "1/2-1/2"]
[WhiteElo "2470"]
[BlackElo "2520"]

1.e4 c5 2.c3 Nf6 3.e5 Nd5 4.d4 cxd4 5.Qxd4 e6 6.Nf3 Nc6 7.Qe4 d6 8.Nbd2 dxe5
9.Nxe5 Nxe5 10.Qxe5 Qc7 11.Bb5+ Bd7 12.Bxd7+ Qxd7 13.O-O Qc7 14.Qe4 Be7 15.Nf3 O-O
16.c4 Nf6 17.Qf4 Rac8 18.b3 Qxf4 19.Bxf4 Rfd8 20.Rfd1 Bc5 21.Bg5  1/2-1/2

[Event "Komercni Banka op"]
[Site "Pardubice"]
[Date "1996.??.??"]
[Round "1"]
[White "Pcola, Pavel"]
[Black "Hybl, Jaroslav"]
[Result "1-0"]
[WhiteElo "2450"]
[BlackElo "2235"]

1.e4 c5 2.c3 Nf6 3.e5 Nd5 4.d4 cxd4 5.Nf3 Nc6 6.cxd4 d6 7.Bc4 Nb6 8.Bb5 dxe5
9.Nxe5 Bd7 10.Bxc6 Bxc6 11.Nxc6 bxc6 12.O-O g6 13.Re1 Bg7 14.Bg5 O-O 15.Bxe7 Qxd4
16.Qxd4 Bxd4 17.Nd2 Rfe8 18.Ba3 c5 19.Kf1 c4 20.Rxe8+ Rxe8 21.Rc1 Rc8 22.Ne4 f5
23.Nd6 Rb8 24.Nxc4 Nxc4 25.Rxc4 Bxb2 26.Bxb2 Rxb2 27.Rc8+ Kf7 28.Rc7+ Kf6
29.Rxa7 g5 30.g3 g4 31.a4 Ra2 32.a5 h5 33.a6 Kg6 34.Ra8 Kg7 35.a7 Kh7 36.Ke1 Kg7
37.Kd1 Kh7 38.Kc1 Kg7 39.Kb1 Ra6 40.Kb2 Ra5 41.Kb3 Ra1 42.Kb4 Kh7 43.Kc5 Kg7
44.Kd5 Ra2 45.Ke5 Re2+ 46.Kd4 Ra2 47.Ke3 Ra4 48.Ke2 Ra3 49.Kf1 Kh7 50.Kg2 Kg7
51.h4 gxh3+ 52.Kxh3 f4 53.f3 fxg3 54.Kxg3  1-0

[Event "Komercni Banka op"]
[Site "Pardubice"]
[Date "1996.??.??"]
[Round "6"]
[White "Seder, Nicolae"]
[Black "Peschel, Andreas"]
[Result "1/2-1/2"]
[WhiteElo "2245"]
[BlackElo "2140"]

1.e4 c5 2.c3 Nf6 3.e5 Nd5 4.g3 Qc7 5.f4 e6 6.Bg2 d6 7.Nf3 Nc6 8.exd6 Bxd6
9.Na3 Be7 10.Nc4 b6 11.a4 Bb7 12.O-O Rd8 13.Qe2 O-O 14.Nfe5 Qc8 15.b3 Rfe8
16.Bb2 Bf8 17.Rf2 Qc7 18.Re1 a6 19.Nxc6 Bxc6 20.Ne5 Bb7 21.Be4 Nf6 22.Bxb7 Qxb7
23.c4 Nd7 24.Qg4 Nf6 25.Qe2 Nd7 26.Bc3 g6 27.Nxd7 Qxd7 28.Qe5 f6 29.Qxf6 Bg7
30.Qg5 Bd4 31.Bxd4 Qxd4 32.Re3 Kf7 33.Qe5 Qxe5 34.fxe5+ Kg7 35.Kf1 Rd4 36.Ke2 Red8
37.d3 R4d7 38.Rf6 Re7 39.Kd2 a5 40.Kc2 Rd4 41.Rf4 Rxf4 42.gxf4 Rf7 43.Re4 g5
44.fxg5 Rf2+  1/2-1/2

[Event "Komercni Banka op"]
[Site "Pardubice"]
[Date "1996.??.??"]
[Round "7"]
[White "Bochnicka, Vladimir"]
[Black "Volodin, Viktor"]
[Result "1/2-1/2"]
[WhiteElo "2175"]
[BlackElo "2330"]

1.e4 c5 2.c3 Nf6 3.e5 Nd5 4.d4 cxd4 5.Nf3 Nc6 6.Bc4 Nb6 7.Bb3 d5 8.exd6 Qxd6
9.Na3 a6 10.O-O e6 11.cxd4 Be7 12.Qe2 O-O 13.Rd1 Nb4 14.Bg5 N4d5 15.Nc4 Nxc4
16.Bxc4 Bxg5 17.Nxg5 h6 18.Ne4 Qd8 19.Qh5 Nf6 20.Nxf6+ Qxf6 21.Qe5 b5 22.Bb3 Bb7
23.Qxf6 gxf6 24.d5 Bxd5 25.Bxd5 exd5 26.Rxd5 Rfd8 27.Rad1 Rxd5 28.Rxd5 Rc8
29.g3 Rc2 30.Rd6 a5 31.Ra6 a4 32.b3 Rxa2  1/2-1/2

[Event "Komercni Banka op"]
[Site "Pardubice"]
[Date "1996.??.??"]
[Round "8"]
[White "Vaulin, Alexander"]
[Black "Jirovsky, Petr"]
[Result "1/2-1/2"]
[WhiteElo "2485"]
[BlackElo "2305"]

1.e4 c5 2.c3 Nf6 3.e5 Nd5 4.d4 cxd4 5.Qxd4 e6 6.Nf3 Nc6 7.Qe4 f5 8.Qe2 d6
9.g3 Qc7 10.exd6 Bxd6 11.Bg2 O-O 12.O-O Bd7 13.Nbd2 Nb6 14.Nc4 Nxc4 15.Qxc4 Rae8
16.Rd1 Bc8 17.Bf4 Bxf4 18.gxf4 Rf7 19.Rd2 h6 20.Rad1 e5 21.Nxe5 Nxe5 22.Qxc7 Rxc7
23.Re2 Kf7 24.fxe5 f4 25.Rd4 g5 26.Bf3 Ree7 27.c4 Be6 28.b3 Kg7 29.Rd6 b5
30.cxb5 Rc1+ 31.Kg2 g4  1/2-1/2

[Event "Komercni Banka op"]
[Site "Pardubice"]
[Date "1996.??.??"]
[Round "9"]
[White "Zambor, Norbert"]
[Black "Pokorny, Tomas"]
[Result "0-1"]
[WhiteElo "2205"]
[BlackElo "2295"]

1.e4 c5 2.c3 Nf6 3.e5 Nd5 4.d4 cxd4 5.Nf3 Nc6 6.cxd4 d6 7.Bc4 dxe5 8.dxe5 Ndb4
9.a3 Qxd1+ 10.Kxd1 Na6 11.b4 Nc7 12.Bb2 Bg4 13.Nd2 e6 14.h3 Bh5 15.g4 Bg6
16.Nh4 Be7 17.Nxg6 hxg6 18.Nf3 Nd5 19.Bxd5 O-O-O 20.Kc2 Rxd5 21.Rad1 Rxd1
22.Kxd1 b5 23.Ke2 Kb7 24.Nd4 Nxd4+ 25.Bxd4 Rd8 26.Be3 a5 27.Rc1 axb4 28.axb4 Ra8
29.Rd1 Kc6 30.Rc1+ Kd7 31.Bc5 Rc8 32.Rd1+ Ke8 33.Bd6 Bxd6 34.Rxd6 Rc4 35.Rb6 Re4+
36.Kd3 Rxe5 37.Rb7 g5 38.Kd4 Rd5+ 39.Ke4 Kf8 40.Rc7 f6 41.Rb7 Kg8 42.Rc7 Rd2
43.Rb7 Rxf2 44.Rxb5 Rh2 45.Rb8+ Kh7 46.Re8 Rxh3 47.Rxe6 Rg3 48.b5 Rxg4+ 49.Kd5 Rb4
50.Kc5 Rb1 51.Re4 f5 52.Rb4 Re1 53.b6 Re8 54.b7 Rb8 55.Rb6 g6 56.Kd6 Kh6
57.Kc7 Rxb7+ 58.Rxb7 g4 59.Kd6 Kg5 60.Ke5 g3 61.Rb3 f4 62.Ke4 g2 63.Rb5+ Kg4
64.Rb1 g5 65.Rg1 Kg3  0-1

[Event "Paris op"]
[Site "Paris"]
[Date "1996.??.??"]
[Round "1"]
[White "Demarre, Jacques"]
[Black "David, Alberto"]
[Result "0-1"]
[WhiteElo "2295"]
[BlackElo "2455"]

1.e4 c5 2.c3 Nf6 3.e5 Nd5 4.d4 cxd4 5.Nf3 e6 6.cxd4 b6 7.Nc3 Nxc3 8.bxc3 Qc7
9.Bd2 d6 10.Bb5+ Bd7 11.Bd3 Bc6 12.O-O Nd7 13.Re1 dxe5 14.Nxe5 Nxe5 15.Rxe5 Bd6
16.Rh5 g6 17.Rh3 O-O 18.Bh6 Rfe8 19.Bg5 f5 20.Qe2 Rab8 21.Re3 Bxh2+ 22.Kh1 Bf4
23.Bxf4 Qxf4 24.Rxe6 Bd7 25.Re5 Rxe5 26.dxe5 Be6 27.Bc2 Rd8 28.Bb3 Bxb3 29.axb3 Rd2
30.Qc4+ Qxc4 31.bxc4 Rxf2 32.Rxa7 Re2 33.Rb7 Rxe5 34.Rxb6 Rc5 35.Rb4 Kf7
36.Kg1 Kf6 37.Kf2 Kg5 38.Kf3 h5 39.Ke3 Kg4 40.Kd4 Rc8 41.Rb6 g5 42.Rg6 h4
43.c5 Kf4 44.c6 g4 45.c4 Kg3 46.Ke5 Kxg2 47.Kxf5 g3 48.Rd6 h3 49.Rd2+ Kf3
50.Rd3+ Kf2 51.Kg4 h2 52.Rd2+ Ke3  0-1

[Event "St Petersburg-Paris"]
[Site "Paris"]
[Date "1996.??.??"]
[Round "5"]
[White "Degraeve, Jean Marc"]
[Black "Aseev, Konstantin N"]
[Result "1-0"]
[WhiteElo "2490"]
[BlackElo "2530"]

1.e4 c5 2.c3 Nf6 3.e5 Nd5 4.d4 cxd4 5.Nf3 Nc6 6.Bc4 Nb6 7.Bb3 d5 8.exd6 Qxd6
9.O-O Be6 10.Na3 dxc3 11.Qe2 Bxb3 12.Nb5 Qb8 13.axb3 e5 14.bxc3 Be7 15.Bg5 f6
16.Be3 Nc8 17.Nh4 g6 18.f4 O-O 19.Nxg6 hxg6 20.Qg4 Rf7 21.Qxg6+ Kf8 22.Rad1 Rg7
23.Qh5 a6 24.Qh8+ Kf7 25.Qh5+ Kf8 26.Qh8+ Kf7 27.fxe5 Qxe5 28.Bh6 Rxg2+ 29.Kxg2 Qe4+
30.Rf3 axb5 31.Qg7+ Ke6 32.Qg8+ Ke5 33.Bf4+  1-0

[Event "St Petersburg-Paris"]
[Site "Paris"]
[Date "1996.??.??"]
[Round "6"]
[White "Sivokho, Sergey"]
[Black "Marciano, David"]
[Result "1/2-1/2"]
[WhiteElo "2380"]
[BlackElo "2495"]

1.e4 c5 2.c3 Nf6 3.e5 Nd5 4.d4 cxd4 5.Nf3 Nc6 6.Bc4 Nb6 7.Bb3 d5 8.exd6 Qxd6
9.O-O Be6 10.Na3 Bxb3 11.axb3 e6 12.Nb5 Qd7 13.Nfxd4 Nxd4 14.Nxd4 Be7 15.Re1 Bf6
16.Be3 Nd5 17.Nc2 Nxe3 18.Nxe3 Qxd1 19.Raxd1 Rd8 20.Nd5 Bg5 21.f4 Be7 22.Nxe7 Kxe7
23.Kf2 Kf6 24.Kf3 g5 25.fxg5+ Kxg5 26.b4 Kf6 27.b5 b6 28.c4 e5 29.b4 Ke6
30.c5 bxc5 31.bxc5 Rxd1 32.Rxd1 Rb8 33.Rb1 a6 34.b6 Kd5 35.Rc1 Kc6 36.Ke4 f6
37.g4 a5 38.Kf5 a4 39.h4 a3 40.Ra1 Ra8 41.Ra2 Ra4 42.Kxf6 e4 43.g5 e3 44.h5 e2
45.Rxe2 a2 46.Re6+ Kb7 47.Re1 a1=Q+ 48.Rxa1 Rxa1 49.g6 hxg6 50.hxg6 Rf1+
51.Ke7 Rg1 52.Kf7 Rf1+ 53.Ke7 Rg1  1/2-1/2

[Event "St Petersburg-Paris"]
[Site "Paris"]
[Date "1996.??.??"]
[Round "8"]
[White "Sivokho, Sergey"]
[Black "Wagner, Claude"]
[Result "0-1"]
[WhiteElo "2380"]
[BlackElo "2420"]

1.e4 c5 2.c3 Nf6 3.e5 Nd5 4.g3 d6 5.exd6 e6 6.Bg2 Bxd6 7.Nf3 Nc6 8.O-O O-O
9.d4 cxd4 10.Nxd4 Bd7 11.Nb3 Qe7 12.Re1 Nb6 13.N1d2 Rad8 14.Ne4 Bb8 15.Be3 Bc8
16.Qh5 f5 17.Nec5 Nd5 18.Bg5 Nf6 19.Qe2 Rde8 20.Qb5 Nd8 21.Rad1 Bd6 22.Bxf6 gxf6
23.Rd2 a6 24.Qc4 Nf7 25.Nd3 Ne5 26.Nxe5 fxe5 27.Red1 Rd8 28.a4 e4 29.Nd4 Kh8
30.Nc2 e5 31.Ne3 Be6 32.Nd5 Qf7 33.Qe2 Bc5 34.b4 Ba7 35.c4 b5 36.a5 bxc4
37.Qxc4 e3 38.Rd3 e2 39.Re1 e4 40.Rc3 Rxd5 41.Qxa6 f4 42.gxf4 Bxf2+ 43.Kxf2 Qxf4+  0-1

[Event "Parnu-B"]
[Site "Parnu"]
[Date "1996.??.??"]
[Round "4"]
[White "Westerinen, Heikki MJ"]
[Black "Veingold, Aleksandr"]
[Result "1/2-1/2"]
[WhiteElo "2410"]
[BlackElo "2425"]

1.e4 c5 2.c3 Nf6 3.e5 Nd5 4.d4 cxd4 5.Nf3 Nc6 6.cxd4 d6 7.Bc4 Nb6 8.Bb5 Bd7
9.exd6 exd6 10.Nc3 Be7 11.h3 Nb4 12.Be2 Bf5 13.O-O O-O 14.a3 N4d5 15.Nxd5 Nxd5
16.Qb3  1/2-1/2

[Event "Parnu-C"]
[Site "Parnu"]
[Date "1996.??.??"]
[Round "4"]
[White "Kovalevskaya, Ekaterina"]
[Black "Paasikangas, Johanna"]
[Result "1-0"]
[WhiteElo "2335"]
[BlackElo "2200"]

1.e4 c5 2.c3 Nf6 3.e5 Nd5 4.d4 d6 5.Nf3 Nc6 6.dxc5 dxe5 7.Bb5 f6 8.O-O a6
9.Bxc6+ bxc6 10.c4 Nf4 11.Qxd8+ Kxd8 12.Nc3 Bg4 13.Bxf4 exf4 14.Nd2 e5 15.Nde4 Kc7
16.b3 f5 17.Nd6 Bxd6 18.cxd6+ Kxd6 19.f3 Bh5 20.Na4 Rhe8 21.Rad1+ Kc7 22.Nc5 Re7
23.Rd2 Rd8 24.Nxa6+ Kc8 25.Rxd8+ Kxd8 26.Rd1+ Rd7 27.Re1 Re7 28.Nb4 Kc7 29.Nd3 e4
30.Nxf4 Bf7 31.fxe4 fxe4 32.Kf2 g5 33.Nh3 h6 34.Ke3 Bg6 35.Nf2 c5 36.Rd1 Bf7
37.Rf1 Bg6 38.Ng4 h5 39.Nf6 Bf7 40.Rf5  1-0

[Event "PER-ch 44th"]
[Site "Peru"]
[Date "1996.??.??"]
[Round "3"]
[White "Nina, Miguel"]
[Black "Aguilar, Juan"]
[Result "0-1"]
[WhiteElo "2190"]
[BlackElo "2270"]

1.e4 c5 2.c3 Nf6 3.e5 Nd5 4.d4 cxd4 5.Qxd4 e6 6.Nf3 Nc6 7.Qe4 Qc7 8.Nbd2 f5
9.exf6 Nxf6 10.Qh4 Be7 11.Bd3 Ne5 12.Bc2 O-O 13.O-O h6 14.Re1 Nc6 15.Ne4 d5
16.Ng3 e5 17.Bxh6 gxh6 18.Qxh6 Bc5 19.h3 Qg7 20.Qh4 Bd7 21.Nf5 Bxf5 22.Bxf5 Rae8
23.b4 Bb6 24.b5 e4 25.bxc6 exf3 26.g4 Ne4 27.Bxe4 dxe4 28.cxb7 e3 29.Kh1 exf2
30.Rxe8 Rxe8 31.Rd1 Qxb7 32.Qg5+ Qg7 33.Qd5+ Qf7 34.Qg5+ Kh8 35.Qh4+ Qh7
36.Qf6+ Qg7 37.Qh4+ Kg8 38.Rf1 Re2 39.Qh5 Re1 40.Qd5+ Kh8 41.Qh5+ Qh7  0-1

[Event "Pico City op"]
[Site "Pico City"]
[Date "1996.??.??"]
[Round "5"]
[White "Braga, Fernando"]
[Black "Navarro, Nelson"]
[Result "1-0"]
[WhiteElo "2440"]
[BlackElo "2450"]

1.e4 c5 2.c3 Nf6 3.e5 Nd5 4.d4 cxd4 5.cxd4 e6 6.Nf3 d6 7.Nc3 Nxc3 8.bxc3 Qc7
9.Bd2 Nd7 10.exd6 Bxd6 11.Bd3 b6 12.O-O Bb7 13.a4 O-O 14.Re1 Rfe8 15.c4 g6
16.h4 e5 17.d5 e4 18.Bxe4 Qxc4 19.Rc1 Qxe4 20.Rxe4 Rxe4 21.Bc3 Rae8 22.h5 gxh5
23.Nd4 Bc5 24.Nf5 Re2 25.Rc2 Ba6 26.Rxe2 Rxe2 27.Bd4 Bf8 28.Qb3 Re4 29.Qg3+ Rg4
30.Qc7 Bd3 31.f3 Rg5 32.Ne3 Nc5 33.Bxc5 bxc5 34.d6  1-0

[Event "JUG-ch Podgorica"]
[Site "Podgorica"]
[Date "1996.??.??"]
[Round "10"]
[White "Filipovic, Branko"]
[Black "Ilincic, Zlatko"]
[Result "1-0"]
[WhiteElo "2435"]
[BlackElo "2555"]

1.e4 c5 2.c3 Nf6 3.e5 Nd5 4.Nf3 Nc6 5.d4 cxd4 6.cxd4 d6 7.Bc4 Nb6 8.Bb3 d5
9.Nh4 Nc4 10.Nc3 a6 11.O-O b5 12.Bc2 Ra7 13.a4 b4 14.Ne2 Bg4 15.f3 Bd7 16.b3 Nb6
17.Be3 e6 18.g3 Be7 19.Ng2 Na5 20.f4 Rc7 21.Ne1 Qc8 22.Ra2 g6 23.h4 h5 24.Nd3 Nbc4
25.bxc4 dxc4 26.Nxb4 Bxb4 27.f5 gxf5 28.Nf4 Be7 29.Nxh5 Nc6 30.d5 exd5 31.Bxf5 Bxf5
32.Rxf5 Rg8 33.Raf2 Bxh4 34.Qxd5 Qe6 35.Qe4 Rxg3+ 36.Nxg3 Bxg3 37.R2f3 Bxe5
38.Qg4 f6 39.Bb6 Rh7 40.Rxe5 Qxe5 41.Qg8+  1-0

[Event "POL-chTJ"]
[Site "Poland"]
[Date "1996.??.??"]
[Round "?"]
[White "Wlodarczyk, Oskar"]
[Black "Panas, Pawel"]
[Result "1/2-1/2"]
[WhiteElo "2080"]
[BlackElo "2215"]

1.e4 c5 2.c3 Nf6 3.e5 Nd5 4.d4 cxd4 5.Nf3 Nc6 6.Bc4 Nb6 7.Bb3 d5 8.exd6 Qxd6
9.O-O Be6 10.Bxe6 Qxe6 11.cxd4 Qd6 12.Nc3 e6 13.Bg5 Be7 14.Bxe7 Nxe7 15.Nb5 Qd8
16.Rc1 O-O 17.Qb3 Nbd5 18.Nc3 Qd6 19.Ne5 Rfd8 20.Nxd5 Qxd5  1/2-1/2

[Event "Polanica Zdroj op"]
[Site "Polanica Zdroj"]
[Date "1996.??.??"]
[Round "2"]
[White "Jakubiec, Artur"]
[Black "Kachur, Alexander"]
[Result "1-0"]
[WhiteElo "2425"]
[BlackElo "2275"]

1.e4 c5 2.c3 Nf6 3.e5 Nd5 4.Bc4 Qc7 5.Nf3 Nb6 6.Bb3 c4 7.Bc2 d6 8.exd6 exd6
9.O-O Be7 10.d3 Nc6 11.Na3 cxd3 12.Nb5 Qd8 13.Qxd3 a6 14.Nbd4 Ne5 15.Qe4 Nxf3+
16.Qxf3 O-O 17.Bf4 Qc7 18.Rfe1 Bf6 19.Qe4 g6 20.Bh6 Bg7 21.Bxg7 Kxg7 22.Qh4 Bd7
23.Re7 Qc5 24.Rae1 Rae8 25.Rxf7+ Rxf7 26.Rxe8 d5 27.Bxg6  1-0

[Event "Polanica Zdroj op"]
[Site "Polanica Zdroj"]
[Date "1996.??.??"]
[Round "4"]
[White "Slapikas, Vytautas"]
[Black "Ptacnikova, Lenka"]
[Result "1/2-1/2"]
[WhiteElo "2345"]
[BlackElo "2185"]

1.e4 c5 2.c3 Nf6 3.e5 Nd5 4.Bc4 Nb6 5.Bb3 Nc6 6.Nf3 d6 7.exd6 Qxd6 8.O-O Be6
9.Bxe6 Qxe6 10.a4 Rd8 11.a5 Nd5 12.d4 cxd4 13.Nxd4 Qd7 14.a6 b6 15.Qa4 Nxd4
16.Qxd4 f6 17.c4 Nb4 18.Qxd7+ Kxd7 19.Nc3 e6 20.Be3 Bc5 21.Bxc5 bxc5 22.Ra5 Ke7
23.Rxc5 Nxa6 24.Rb5 Rc8 25.b3 Rb8 26.Rxb8 Nxb8 27.Na4 Na6 28.Rb1 Rd8 29.Kf1 Nb4
30.Nc5 Nc2 31.Rc1 f5 32.Na6 Rd6 33.Rxc2 Rxa6 34.Ke2 Rb6 35.Rc3 e5 36.Kd2 e4
37.f3 Ke6 38.fxe4 fxe4 39.Ke3 Ke5 40.c5 Rb7 41.c6 Rc7 42.Rc4 Kd5 43.Rxe4 Kxc6
44.Rh4 Kb5 45.Rxh7 Kb4 46.h4 Kxb3 47.h5 a5 48.h6 Rc3+ 49.Kd2 Rc2+ 50.Kd1 Rxg2
51.Rxg7 Rh2 52.h7 a4 53.Rg3+ Kc4 54.Rg4+  1/2-1/2

[Event "Polanica Zdroj op"]
[Site "Polanica Zdroj"]
[Date "1996.??.??"]
[Round "8"]
[White "Slapikas, Vytautas"]
[Black "Kosiorek, Marek"]
[Result "1-0"]
[WhiteElo "2345"]
[BlackElo "2185"]

1.e4 c5 2.c3 Nf6 3.e5 Nd5 4.Bc4 Nb6 5.Bb3 d6 6.Nf3 dxe5 7.Nxe5 e6 8.O-O Bd6
9.Qe2 O-O 10.d4 cxd4 11.cxd4 Nc6 12.Rd1 Qc7 13.Nf3 Bd7 14.Nc3 Nb4 15.Nb5 Bxb5
16.Qxb5 N6d5 17.a3 a6 18.Qe2 Nc6 19.Bg5 h6 20.Bh4 Rfe8 21.Bg3 Bxg3 22.hxg3 Qb6
23.Ba4 Red8 24.Rac1 Rd6 25.Ne5 Nxe5 26.dxe5 Rdd8 27.Bc2 Rac8 28.Rd2 Kf8 29.Rb1 Ne7
30.Be4 Rxd2 31.Qxd2 Rd8 32.Qc3 Nd5 33.Qc4 Kg8 34.b4 Rd7 35.Rd1 Rd8 36.Qc5 Ne7
37.Rxd8+ Qxd8 38.Qd6 Qe8 39.Bxb7 Ng6 40.Bxa6 Qa4 41.Bd3 Qd1+ 42.Bf1 Qh5 43.b5 Nxe5
44.f3  1-0

[Event "Portoroz"]
[Site "Portoroz"]
[Date "1996.??.??"]
[Round "?"]
[White "Brezovar, Matjaz"]
[Black "Fercec, Nenad"]
[Result "0-1"]
[WhiteElo "2110"]
[BlackElo "2405"]

1.e4 c5 2.c3 Nf6 3.e5 Nd5 4.d4 cxd4 5.Nf3 e6 6.cxd4 b6 7.Nc3 Nxc3 8.bxc3 Qc7
9.Bd2 Bb7 10.Bd3 d6 11.O-O Nd7 12.Ng5 dxe5 13.Qh5 g6 14.Qh3 h6 15.Bxg6 hxg5
16.Qxh8 fxg6 17.Bxg5 Qc6 18.f3 Kf7 19.Qh4 Bg7 20.Rfe1 Rh8 21.Qg4 Nf6 22.Bxf6 Bxf6
23.dxe5 Rh4 24.Qg3 Be7 25.Rad1 Rc4 26.Rd4 Bc5 27.Kh1 Bxd4 28.Qf4+ Kg8 29.cxd4 Qe8
30.Rc1 Qa4 31.Rxc4 Qd1+  0-1

[Event "Portoroz"]
[Site "Portoroz"]
[Date "1996.??.??"]
[Round "?"]
[White "Bezold, Michael"]
[Black "Pavasovic, Dusko"]
[Result "1/2-1/2"]
[WhiteElo "2485"]
[BlackElo "2425"]

1.e4 c5 2.c3 Nf6 3.d3 Nc6 4.Nf3 g6 5.Nbd2 Bg7 6.a3 d5 7.Be2 O-O 8.O-O c4
9.exd5 cxd3 10.dxc6 dxe2 11.Qxe2 bxc6 12.Re1 Nd5 13.Ne4 Qb6 14.c4 Ba6 15.Qc2 Nc7
16.Rb1 Ne6 17.Be3 Qc7 18.Nc5 Bc8 19.Rbd1 Rd8 20.Rxd8+ Qxd8 21.b4 Qc7 22.Qe4 Nxc5
23.Bxc5 e5 24.Nxe5 Qxe5 25.Qxe5 Bxe5 26.Rxe5 Be6 27.b5 Rc8 28.h3 Bxc4 29.bxc6 a6
30.Bd4 Bb5  1/2-1/2

[Event "Portoroz"]
[Site "Portoroz"]
[Date "1996.??.??"]
[Round "?"]
[White "Sermek, Drazen"]
[Black "Kozul, Zdenko"]
[Result "0-1"]
[WhiteElo "2535"]
[BlackElo "2580"]

1.e4 c5 2.c3 Nf6 3.e5 Nd5 4.d4 cxd4 5.Nf3 Nc6 6.cxd4 d6 7.Bc4 e6 8.O-O Be7
9.Qe2 O-O 10.Qe4 b6 11.Bd3 g6 12.Bh6 Re8 13.a3 Bb7 14.Nbd2 Rc8 15.Rac1 Rc7
16.Rfe1 dxe5 17.dxe5 Nb8 18.Rxc7 Qxc7 19.Qg4 Nd7 20.h4 Nc5 21.Bb1 Ba6 22.h5 Bd3
23.hxg6 hxg6 24.Ne4 Bxe4 25.Bxe4 Nxe4 26.Qxe4 Rc8 27.Rc1 Qd8 28.Rxc8 Qxc8
29.Kh2 Qc5 30.Kg3 Bd8 31.Bg5 Bxg5 32.Nxg5 Ne7 33.Qf4 Nf5+ 34.Kh3 Qd4 35.Ne4 Kf8
36.g4 g5 37.Qxg5 Qxe4 38.gxf5 Qh1+ 39.Kg4 Qg2+ 40.Kf4 Qxf2+ 41.Ke4 Qe2+ 42.Kf4 Qc4+
43.Kg3 Qd3+ 44.Kh4 Qe4+ 45.Kh5 Qe2+ 46.Kh4 Qxe5 47.fxe6 Qe1+ 48.Kh5 Qxe6  0-1

[Event "Portoroz"]
[Site "Portoroz"]
[Date "1996.??.??"]
[Round "?"]
[White "Vospernik, Andrej"]
[Black "Pavasovic, Dusko"]
[Result "1/2-1/2"]
[WhiteElo "2145"]
[BlackElo "2425"]

1.e4 c5 2.c3 Nf6 3.Qc2 Nc6 4.Nf3 e6 5.d3 Be7 6.Be2 d5 7.Bf4 Nh5 8.Bg3 Nxg3
9.hxg3 Qc7 10.Nbd2 b6 11.a3 Bb7 12.Rc1 dxe4 13.Nxe4 Ne5 14.d4 Nxf3+ 15.Bxf3 cxd4
16.Qa4+ Qd7 17.Qxd4 Qxd4 18.cxd4 Rc8 19.O-O O-O 20.Rc3 Rxc3 21.Nxc3 Bxf3
22.gxf3 Bf6 23.Ne2 Rc8 24.Rb1 Rc2 25.Kf1 Kf8 26.Ke1 Ke7 27.Kd1 Rc7 28.Kd2 h5
29.f4 Rd7 30.Ke3 Rd5 31.a4 b5 32.b3 Kd8 33.Rd1 bxa4 34.bxa4 Rd6 35.Rb1 Kc7
36.Rb5 g6 37.Kd3 Rd8 38.Rc5+ Kb6 39.Rb5+ Ka6 40.Rc5 Rd7 41.Rc6+ Ka5 42.Rc5+ Ka6
43.Rc6+ Kb7 44.Rc5 Bd8 45.Ng1 Bb6 46.Rc4 f6 47.Nf3 Rg7  1/2-1/2

[Event "Portoroz"]
[Site "Portoroz"]
[Date "1996.??.??"]
[Round "?"]
[White "Brezovar, Matjaz"]
[Black "Palac, Mladen"]
[Result "1-0"]
[WhiteElo "2110"]
[BlackElo "2545"]

1.e4 c5 2.c3 Nf6 3.e5 Nd5 4.d4 cxd4 5.Nf3 Nc6 6.Bc4 Nb6 7.Bb3 g6 8.cxd4 Bg7
9.O-O O-O 10.Qe2 d6 11.h3 Na5 12.Bc2 Be6 13.Re1 Bc4 14.Qd2 Nc6 15.Nc3 dxe5
16.dxe5 Qc7 17.Qg5 Nb4 18.Be4 f5 19.exf6 exf6 20.Qh4 Nd3 21.Bxd3 Bxd3 22.Be3 Nc4
23.Bd4 Qf7 24.Ne4 Rae8 25.Neg5 fxg5 26.Nxg5 Bf6 27.Bxf6 Qd7 28.Rxe8 Rxe8
29.Rd1 Qc7 30.Qd4 Bc2 31.Qd5+ Kf8 32.Rc1 Bf5 33.g4 Nb6 34.Qd2 Qd7 35.Qb4+ Kg8
36.gxf5 Nd5 37.Qb3 Qxf5 38.Rd1 Qxf6 39.Qxd5+ Kg7 40.Ne4 Qh4 41.Qd4+ Kh6 42.Qe3+ Kg7
43.Rd7+ Re7 44.Qd4+ Kh6 45.Rxe7 Qxe7 46.Kg2 b6 47.Kg3 Qc7+ 48.Nd6 Qd7 49.Qf6  1-0

[Event "Portoroz"]
[Site "Portoroz"]
[Date "1996.??.??"]
[Round "?"]
[White "Kos, Toni"]
[Black "Pavasovic, Dusko"]
[Result "0-1"]
[WhiteElo "2270"]
[BlackElo "2425"]

1.e4 c5 2.c3 Nf6 3.e5 Nd5 4.d4 cxd4 5.Nf3 Nc6 6.Bc4 Nb6 7.Bb3 g6 8.Ng5 d5
9.exd6 e6 10.Ne4 Bg7 11.h4 h6 12.Qe2 f5 13.Nc5 e5 14.d7+ Bxd7 15.Nxb7 Qe7
16.a4 Be6 17.Bxe6 Qxe6 18.a5 Nd7 19.O-O O-O 20.Rd1 e4 21.Bf4 Qb3 22.a6 d3
23.Qd2 Nde5 24.Na3 Kh7 25.Nc5 Qd5 26.b4 Rfe8 27.Qa2 Qd8 28.Ne6 Qxh4 29.Nxg7 Kxg7
30.Bg3 Qf6 31.b5 f4 32.Bxf4 Qxf4 33.bxc6 Nf3+ 34.gxf3 exf3  0-1

[Event "CZE-ch U18"]
[Site "Prague"]
[Date "1996.??.??"]
[Round "7"]
[White "Pridal, Ondrej"]
[Black "Stankova, Zuzana"]
[Result "1-0"]
[WhiteElo "2045"]
[BlackElo "1850"]

1.e4 c5 2.c3 Nf6 3.e5 Nd5 4.d4 cxd4 5.Nf3 Nc6 6.cxd4 d6 7.Bc4 Nb6 8.Bb5 a6
9.Bxc6+ bxc6 10.exd6 Qxd6 11.Ne5 Be6 12.O-O g6 13.Bf4 Nd5 14.Bg3 Qb4 15.Qd2 Qxd2
16.Nxd2 Nb6 17.Rfc1 Bh6 18.f4 Nd5 19.Rxc6 Nxf4 20.Nb3 Bxb3 21.axb3 Ne2+ 22.Kf2 Nxd4
23.Rcxa6 Rc8 24.Nc6 Nxc6 25.Rxc6 O-O 26.Rxc8 Rxc8 27.Be5 f6 28.Bc3 Rc7 29.Ra8+ Bf8
30.Rb8 Kf7 31.b4 e5 32.b5 Bc5+ 33.Kf3 Ba7 34.Rh8 Kg7 35.Rd8 Rb7 36.Ba5 Bd4
37.Rd5 Bxb2 38.Rc5 Kh6 39.b6 Bd4 40.Rc7 Rxb6 41.Bxb6 Bxb6 42.Rc6 Bg1 43.Rxf6 Bxh2
44.Re6 Kg5 45.g3 Kf5 46.Re7 Bg1 47.Rxh7 e4+ 48.Kg2 Bd4 49.Rc7 Ke6 50.Rb7 g5
51.Rb5 Kf6 52.Rd5 Ba7 53.Ra5 Bd4 54.Kf1 g4 55.Ra4 Ke5 56.Ke2 Bg1 57.Ra5+ Kf6
58.Ra1 Bd4 59.Ra5 Bg1 60.Ra3 Kf5 61.Ra2 Bd4 62.Kf1 Bb6 63.Kg2 Bd4 64.Ra4 Bb6
65.Ra8 Bd4 66.Rf8+ Bf6 67.Kf2 Ke5 68.Re8+ Kf5 69.Ke3 Bg5+ 70.Kd4 e3 71.Kd5 Kf6
72.Re6+ Kg7 73.Re4 Kf6 74.Rxg4 Kf5 75.Re4 e2 76.g4+ Kg6 77.Rxe2 Bf4  1-0

[Event "Banicky Kahanec"]
[Site "Prievidza"]
[Date "1996.??.??"]
[Round "8"]
[White "Maslik, Miroslav"]
[Black "Hanko, Pavel"]
[Result "1/2-1/2"]
[WhiteElo "2180"]
[BlackElo "2230"]

1.e4 c5 2.c3 Nf6 3.e5 Nd5 4.Nf3 d6 5.exd6 Qxd6 6.d4 cxd4 7.cxd4 Bg4 8.Nc3 Nxc3
9.bxc3 e6 10.Be2 Be7 11.h3 Bh5 12.Qb3 O-O 13.Qxb7 Nc6 14.Qb5 Bg6 15.O-O Rab8
16.Qa4 Rfc8 17.Be3 Rb2 18.Bb5 Nb8 19.Rfc1 Be4 20.Ne5 Qa3 21.Qxa3 Bxa3 22.Bd3 Bxd3
23.Nxd3 Rb7 24.Rab1 Rd7 25.Rc2 f6 26.Rb3 Bf8 27.c4 Nc6 28.d5 exd5 29.cxd5 Rxd5
30.Rbc3 Rcd8 31.Rxc6 Rxd3 32.Bxa7 Ra8 33.Bc5 Bxc5 34.R6xc5 Rda3 35.Rc8+ Rxc8
36.Rxc8+ Kf7 37.Rc2 g5 38.Kf1 h5 39.Ke2 h4 40.Kd2 Kg6 41.Kc1 f5 42.Kb2 Ra8
43.Rc4 Kh5 44.Rc5 Kg6 45.Kb3 Rb8+ 46.Kc3 Rb1 47.a4 Rf1 48.f3 Rg1 49.Rc6+ Kh5
50.Rf6 Rxg2 51.Rxf5 Kg6 52.Rf8 Kg7 53.Rf5 Kg6 54.Rf8  1/2-1/2